000
00293nam a2200121Ia 4500
008
190216s9999||||xx |||||||||||||| ||und||
100
_a
Ali S A
245
0
_a
Resources For Future Economic Growth
260
_b
Vikas Publishing House
_c
1979
300
_a
100p
650
_a
Commerce
942
_c
BK
999
_c
4564
_d
4564